[Event "CYCC U16"]
[Site "Windsor CAN"]
[Date "2016.07.07"]
[Round "5.16"]
[White "Ladhani, Qalib"]
[Black "Gillan, Rahma"]
[Result "1-0"]
[WhiteElo "1302"]
[BlackElo "1494"]
[PlyCount "131"]
[EventDate "2016.07.05"]
[EventType "swiss"]
[EventRounds "7"]
[EventCountry "CAN"]

1. e4 e5 2. Nf3 Nc6 3. d4 exd4 4. Bc4 Bb4+ 5. c3 dxc3 6. bxc3 Be7 7. Qd5 Nh6 8.
Bxh6 O-O 9. Be3 d6 10. Ng5 Qe8 11. Nd2 Ne5 12. Ndf3 Ng6 13. h4 h6 14. h5 Bxg5
15. Nxg5 Ne7 16. Qxf7+ Rxf7 17. Bxf7+ Qxf7 18. Nxf7 Kxf7 19. f3 Bd7 20. g4 Rf8
21. Kf2 Nc6 22. Bd4 Kg8 23. Rag1 Be6 24. g5 hxg5 25. Rxg5 Nxd4 26. cxd4 Kh7 27.
Rhg1 Rf7 28. d5 Bd7 29. Ke3 Be8 30. f4 Re7 31. e5 dxe5 32. Rxe5 Rxe5+ 33. fxe5
Bxh5 34. e6 Kg8 35. Rf1 b5 36. e7 Bf7 37. Kd4 a6 38. Kc5 g5 39. Re1 Be8 40. d6
cxd6+ 41. Kxd6 a5 42. Rg1 a4 43. Rxg5+ Kf7 44. Rf5+ Kg7 45. Rf8 Bg6 46. e8=Q
Bxe8 47. Rxe8 b4 48. Rb8 b3 49. axb3 axb3 50. Rxb3 Kf6 51. Rf3+ Kg5 52. Ke6 Kg4
53. Rf1 Kg3 54. Ke5 Kg2 55. Rf8 Kg3 56. Ke4 Kg2 57. Ke3 Kg3 58. Rg8+ Kh4 59.
Kf3 Kh5 60. Kf4 Kh6 61. Kf5 Kh7 62. Rg1 Kh6 63. Rg2 Kh7 64. Kf6 Kh8 65. Kf7 Kh7
66. Rh2# 1-0

[Event "CYCC U16"]
[Site "Windsor CAN"]
[Date "2016.07.08"]
[Round "6.9"]
[White "Petersen, Caleb"]
[Black "Fan, Run Kun"]
[Result "1/2-1/2"]
[WhiteElo "2113"]
[BlackElo "2030"]
[PlyCount "126"]
[EventDate "2016.07.05"]
[EventType "swiss"]
[EventRounds "7"]
[EventCountry "CAN"]

1. e4 e5 2. Nf3 Nc6 3. Bb5 Nf6 4. d3 d6 5. O-O a6 6. Ba4 b5 7. Bb3 Na5 8. h3
Nxb3 9. axb3 g6 10. Re1 Bg7 11. Bd2 O-O 12. b4 Bb7 13. b3 Nh5 14. Bc3 Nf4 15.
Nbd2 Ne6 16. Qc1 c6 17. Qb2 Qb6 18. Rad1 Rfe8 19. Nf1 Nd4 20. N1h2 Rac8 21. Bd2
c5 22. bxc5 dxc5 23. c3 Ne6 24. Be3 b4 25. Nd2 bxc3 26. Qxc3 Qb4 27. Qxb4 cxb4
28. Nc4 Nc5 29. Nd6 Bf8 30. Nxe8 Rxe8 31. Bxc5 Bxc5 32. Nf3 f6 33. Rc1 Bb6 34.
Rc4 a5 35. d4 exd4 36. Nxd4 f5 37. e5 Bd5 38. Nb5 Bxc4 39. bxc4 a4 40. e6 Re7
41. c5 Bxc5 42. Rc1 Bxf2+ 43. Kxf2 Rxe6 44. Rc4 Rb6 45. Rxb4 a3 46. Ra4 Rxb5
47. Rxa3 Rb2+ 48. Kf3 Kf7 49. g4 Kf6 50. Kg3 fxg4 51. hxg4 Rb5 52. Kh4 Rb6 53.
Ra5 h6 54. Ra3 Rd6 55. Ra5 Rb6 56. Ra4 Rc6 57. Ra5 Re6 58. Rb5 Ra6 59. Rc5 Rb6
60. Ra5 Rd6 61. Rb5 Re6 62. Ra5 Re3 63. Ra6+ Re6 1/2-1/2

[Event "CYCC U16"]
[Site "Windsor CAN"]
[Date "2016.07.08"]
[Round "6.10"]
[White "Fellah, Mohamed Amine"]
[Black "Zhao, Harry"]
[Result "1-0"]
[WhiteElo "2021"]
[BlackElo "2219"]
[PlyCount "117"]
[EventDate "2016.07.05"]
[EventType "swiss"]
[EventRounds "7"]
[EventCountry "CAN"]

1. e4 e6 2. d4 d5 3. Nc3 Bb4 4. e5 c5 5. a3 Bxc3+ 6. bxc3 Ne7 7. Qg4 Qc7 8.
Qxg7 Rg8 9. Qxh7 cxd4 10. Ne2 Nbc6 11. f4 Bd7 12. Qd3 dxc3 13. h4 Nf5 14. h5
O-O-O 15. h6 Rg6 16. Rb1 d4 17. h7 Rh8 18. Rh5 Rg7 19. Qh3 Na5 20. g4 Ne3 21.
Bxe3 dxe3 22. Qxe3 Rgxh7 23. Rxh7 Rxh7 24. Qxa7 Kd8 25. Ng3 Bc6 26. Rb6 Qd7 27.
Ne4 Nc4 28. Bxc4 Rh1+ 29. Bf1 Rxf1+ 30. Kxf1 Qd1+ 31. Kf2 Qxc2+ 32. Kg3 Qxe4
33. Rb4 Qg2+ 34. Kh4 Kc7 35. Qb6+ Kc8 36. Rd4 Qh1+ 37. Kg5 Qh8 38. Qc5 Qe8 39.
Qxc3 Qe7+ 40. Kh5 Kb8 41. Qb4 Qe8 42. Qd6+ Kc8 43. Kh4 Bd5 44. a4 Qh8+ 45. Kg3
Qh1 46. Qf8+ Kc7 47. Qxf7+ Kb6 48. Rxd5 Qe1+ 49. Kh2 Qf2+ 50. Kh3 Qf3+ 51. Kh4
Qxd5 52. Kg5 Qd8+ 53. Kg6 Qc8 54. f5 exf5 55. gxf5 Ka5 56. e6 Qc6 57. Qd7 Qg2+
58. Kf7 Kb4 59. e7 1-0

[Event "CYCC U16"]
[Site "Windsor CAN"]
[Date "2016.07.08"]
[Round "6.11"]
[White "Colvin, Andrew"]
[Black "Song, Sam"]
[Result "0-1"]
[WhiteElo "1740"]
[BlackElo "2334"]
[PlyCount "114"]
[EventDate "2016.07.05"]
[EventType "swiss"]
[EventRounds "7"]
[EventCountry "CAN"]

1. b3 e5 2. Bb2 Nc6 3. e3 Nf6 4. Bb5 Bd6 5. Na3 Na5 6. Be2 a6 7. c4 O-O 8. Nf3
Re8 9. O-O e4 10. Nd4 c5 11. Nf5 Be5 12. Bxe5 Rxe5 13. Ng3 d5 14. d3 Nc6 15.
dxe4 dxe4 16. Qxd8+ Nxd8 17. Nb1 Bd7 18. Nc3 Bc6 19. Rfd1 Ne6 20. Rd2 Nc7 21.
Rad1 Kf8 22. Bf1 Ke7 23. a4 g6 24. Ra1 Rd8 25. Rxd8 Kxd8 26. Nge2 Nd7 27. Rd1
f5 28. Nf4 Ke7 29. h4 Nf6 30. Be2 Ne6 31. Nxe6 Rxe6 32. Kf1 a5 33. g3 b6 34.
Ke1 h6 35. Kd2 Rd6+ 36. Ke1 g5 37. hxg5 hxg5 38. Rxd6 Kxd6 39. Kd2 Ke5 40. Nd1
Be8 41. Nc3 Bc6 42. Nd1 Ne8 43. Nc3 Nc7 44. Bf1 f4 45. gxf4+ gxf4 46. Bh3 f3
47. Nd1 Na6 48. Kc3 Nb4 49. Bf1 Kf5 50. Kd2 Na2 51. Nb2 Kg5 52. Nd1 Kh4 53. Ke1
Bd7 54. Kd2 Bh3 55. Ke1 Bg2 56. Nb2 Kg4 57. Nd1 Kh3 0-1

[Event "CYCC U16"]
[Site "Windsor CAN"]
[Date "2016.07.08"]
[Round "6.12"]
[White "Lei, Sean"]
[Black "Li, Kevin"]
[Result "1/2-1/2"]
[WhiteElo "2180"]
[BlackElo "1657"]
[PlyCount "49"]
[EventDate "2016.07.05"]
[EventType "swiss"]
[EventRounds "7"]
[EventCountry "CAN"]

1. d4 e6 2. Nf3 Nf6 3. e3 b6 4. Bd3 Bb7 5. Nbd2 d5 6. O-O Be7 7. b3 O-O 8. Bb2
c5 9. Ne5 Nbd7 10. f4 Ne4 11. Bxe4 dxe4 12. Qe2 f5 13. Rfd1 Nxe5 14. dxe5 Qe8
15. a4 Qc6 16. g4 Rad8 17. g5 Rd5 18. Nf1 Rfd8 19. Rd2 Rxd2 20. Nxd2 Rd5 21.
Kf2 Qd7 22. Bc3 Qc8 23. Rd1 Ba6 24. Nc4 Qd8 25. Ke1 1/2-1/2

[Event "CYCC U16"]
[Site "Windsor CAN"]
[Date "2016.07.08"]
[Round "6.13"]
[White "D'Amore, Tyler"]
[Black "McGovern, Michael"]
[Result "1-0"]
[WhiteElo "1988"]
[BlackElo "1129"]
[PlyCount "105"]
[EventDate "2016.07.05"]
[EventType "swiss"]
[EventRounds "7"]
[EventCountry "CAN"]

1. d4 d5 2. Nf3 Nf6 3. e3 Nc6 4. Nbd2 e6 5. Bd3 Bd6 6. O-O O-O 7. a3 e5 8. dxe5
Nxe5 9. Nxe5 Bxe5 10. Nf3 Bd6 11. h3 Be6 12. b3 h6 13. Bb2 c5 14. c4 a6 15. Ne5
Nd7 16. Nxd7 Qxd7 17. f4 f5 18. Qc2 b5 19. cxd5 Bxd5 20. Rad1 Qe6 21. Rfe1 Bxb3
22. Qc3 Ra7 23. Bc2 Bxc2 24. Qxc2 a5 25. Qd3 Bc7 26. Qxb5 Rb8 27. Qxc5 Bb6 28.
Qe5 Qxe5 29. Bxe5 Re8 30. Kf2 Bc5 31. Bd6 Bxd6 32. Rxd6 Rb8 33. Rd5 g6 34. Rd3
a4 35. Red1 Rb3 36. Ke2 Rc7 37. Rd8+ Kf7 38. R8d7+ Rxd7 39. Rxd7+ Ke6 40. Rd3
Rxd3 41. Kxd3 Kd5 42. g4 h5 43. gxh5 gxh5 44. h4 Kc5 45. e4 fxe4+ 46. Kxe4 Kd6
47. Kf5 Ke7 48. Kg6 Kf8 49. f5 Kg8 50. f6 Kh8 51. Kf5 Kh7 52. Ke6 Kg8 53. Ke7
1-0

[Event "CYCC U16"]
[Site "Windsor CAN"]
[Date "2016.07.08"]
[Round "6.14"]
[White "Li, James"]
[Black "Kilroy, Evan"]
[Result "1-0"]
[WhiteElo "1612"]
[BlackElo "1430"]
[PlyCount "43"]
[EventDate "2016.07.05"]
[EventType "swiss"]
[EventRounds "7"]
[EventCountry "CAN"]

1. c4 e5 2. g3 Nc6 3. Bg2 Nf6 4. Nc3 Bc5 5. a3 a5 6. e3 O-O 7. Nge2 d6 8. O-O
Be6 9. d4 Ng4 10. d5 Qg5 11. Ne4 Qh5 12. h3 f5 13. hxg4 Qxg4 14. Nxc5 dxc5 15.
dxe6 Rad8 16. Qc2 Rf6 17. Rd1 Re8 18. b3 e4 19. Bb2 Rh6 20. Nf4 g5 21. Qc3 Re7
22. Qh8# 1-0

[Event "CYCC U16"]
[Site "Windsor CAN"]
[Date "2016.07.08"]
[Round "6.16"]
[White "Ladhani, Qalib"]
[Black "Huang, Danny"]
[Result "1-0"]
[WhiteElo "1302"]
[BlackElo "905"]
[PlyCount "91"]
[EventDate "2016.07.05"]
[EventType "swiss"]
[EventRounds "7"]
[EventCountry "CAN"]

1. e4 e5 2. Nf3 Nc6 3. d4 Nf6 4. Bc4 Bb4+ 5. Bd2 Qe7 6. O-O Nxe4 7. dxe5 d6 8.
exd6 Qxd6 9. Re1 Bf5 10. a3 Bc5 11. Be3 Bxe3 12. Qxd6 cxd6 13. Rxe3 O-O 14. Bd3
Rfe8 15. Nh4 g6 16. Nxf5 gxf5 17. g4 Nf6 18. Bxf5 Rxe3 19. fxe3 Re8 20. Kf2 Ne5
21. h3 d5 22. Nd2 Nc4 23. Nxc4 dxc4 24. Kf3 Re5 25. b3 h5 26. e4 hxg4+ 27. hxg4
cxb3 28. cxb3 a5 29. Rc1 Rb5 30. Rc3 Nh7 31. Kf4 f6 32. a4 Rb4 33. Rc4 Rxc4 34.
bxc4 b6 35. Bxh7+ Kxh7 36. Kf5 Kg7 37. g5 fxg5 38. Kxg5 Kf7 39. Kf5 Ke7 40. Ke5
Kd7 41. Kd5 Kc7 42. e5 Kd7 43. e6+ Ke7 44. Ke5 Ke8 45. Kd6 Kf8 46. Kd7 1-0

[Event "CYCC U16"]
[Site "Windsor CAN"]
[Date "2016.07.08"]
[Round "7.9"]
[White "Zhao, Harry"]
[Black "Petersen, Caleb"]
[Result "1/2-1/2"]
[WhiteElo "2219"]
[BlackElo "2113"]
[PlyCount "85"]
[EventDate "2016.07.05"]
[EventType "swiss"]
[EventRounds "7"]
[EventCountry "CAN"]

1. d4 Nf6 2. Nf3 e6 3. Nbd2 b6 4. e4 d5 5. Bd3 Bb7 6. e5 Nfd7 7. O-O c5 8. c3
Be7 9. Qe2 Qc8 10. a3 Ba6 11. Re1 Bxd3 12. Qxd3 Qa6 13. Qb1 Nc6 14. b4 cxb4 15.
cxb4 b5 16. Nb3 Nb6 17. Bg5 Qb7 18. Bxe7 Qxe7 19. Nc5 O-O 20. Qd3 Nc4 21. Re2
a5 22. bxa5 Rxa5 23. a4 Rfa8 24. Rb1 b4 25. Qd1 Rb8 26. Ra2 Nxd4 27. Nxd4 Rxc5
28. Qe1 Rcc8 29. Nb5 b3 30. Rxb3 Nxe5 31. Rb1 Qg5 32. Kh1 Nd3 33. Qf1 g6 34. h3
Rc1 35. Rxc1 Qxc1 36. Qxc1 Nxc1 37. Ra3 Ne2 38. g3 d4 39. Kg2 e5 40. Kf3 Nc1
41. Ke4 d3 42. Ke3 e4 43. Nc3 1/2-1/2

[Event "CYCC U16"]
[Site "Windsor CAN"]
[Date "2016.07.08"]
[Round "7.10"]
[White "Fan, Run Kun"]
[Black "Lei, Sean"]
[Result "1/2-1/2"]
[WhiteElo "2030"]
[BlackElo "2180"]
[PlyCount "54"]
[EventDate "2016.07.05"]
[EventType "swiss"]
[EventRounds "7"]
[EventCountry "CAN"]

1. c4 Nf6 2. Nc3 e6 3. Nf3 d5 4. d4 Be7 5. g3 b6 6. Bg2 Bb7 7. O-O O-O 8. b3
Nbd7 9. cxd5 exd5 10. Bb2 c5 11. e3 Rc8 12. Qe2 Qc7 13. Rac1 Qb8 14. Rfd1 Rfd8
15. Ne5 Nf8 16. dxc5 bxc5 17. Na4 Ne6 18. Nd3 Ba6 19. Qe1 c4 20. Qa5 Qb5 21.
Qxb5 Bxb5 22. Nf4 Nxf4 23. gxf4 Bxa4 24. bxa4 Ne4 25. Be5 Ba3 26. Rc2 Nc5 27.
Bc3 Nxa4 1/2-1/2

[Event "CYCC U16"]
[Site "Windsor CAN"]
[Date "2016.07.08"]
[Round "7.11"]
[White "Song, Sam"]
[Black "Fellah, Mohamed Amine"]
[Result "1-0"]
[WhiteElo "2334"]
[BlackElo "2021"]
[PlyCount "131"]
[EventDate "2016.07.05"]
[EventType "swiss"]
[EventRounds "7"]
[EventCountry "CAN"]

1. e4 c5 2. Nf3 d6 3. d4 cxd4 4. Nxd4 Nf6 5. Nc3 a6 6. Be3 e5 7. Nb3 Be6 8. f3
Be7 9. Qd2 O-O 10. O-O-O Nbd7 11. g4 b5 12. g5 b4 13. gxf6 bxc3 14. Qxc3 Nxf6
15. Na5 Rc8 16. Nc6 Qd7 17. Nxe7+ Qxe7 18. Qa5 Rc6 19. Kb1 Rfc8 20. Rd2 Qb7 21.
b3 Nh5 22. Be2 f5 23. Rhd1 Qe7 24. Qa3 Qc7 25. exf5 Bxf5 26. Bc4+ Rxc4 27. bxc4
Qxc4 28. Qb3 d5 29. Kb2 d4 30. Bf2 Nf4 31. Bg3 Nd5 32. Bxe5 Qc3+ 33. Kb1 Qxb3+
34. axb3 Nc3+ 35. Kc1 Nxd1 36. Kxd1 Rc3 37. Rf2 Rc6 38. Bxd4 Rd6 39. c3 Be6 40.
Kc2 Bf5+ 41. Kb2 Rg6 42. c4 Bh3 43. Kc3 Rg2 44. Kb4 Rxf2 45. Bxf2 Kf7 46. Ka5
Bc8 47. Kb6 Ke8 48. c5 Be6 49. c6 Kd8 50. Kb7 Bd5 51. f4 g6 52. b4 Be4 53. Bh4+
Ke8 54. Bf6 Bf3 55. Kxa6 Bxc6 56. b5 Bd5 57. b6 Kf7 58. Bg5 Ke6 59. b7 Bxb7+
60. Kxb7 Kf5 61. Kc6 Kg4 62. h4 Kh5 63. Kd6 h6 64. Ke5 hxg5 65. hxg5 Kg4 66.
Kf6 1-0

[Event "CYCC U16"]
[Site "Windsor CAN"]
[Date "2016.07.08"]
[Round "7.12"]
[White "Li, James"]
[Black "D'Amore, Tyler"]
[Result "1-0"]
[WhiteElo "1612"]
[BlackElo "1988"]
[PlyCount "90"]
[EventDate "2016.07.05"]
[EventType "swiss"]
[EventRounds "7"]
[EventCountry "CAN"]

1. e4 c6 2. d4 d5 3. f3 dxe4 4. fxe4 e5 5. Nf3 exd4 6. Bc4 Be6 7. Bxe6 fxe6 8.
O-O Be7 9. Kh1 Na6 10. Nxd4 Qd7 11. Qh5+ g6 12. Qe5 Bf6 13. Qxe6+ Qxe6 14. Nxe6
Kd7 15. Ng5 Bxg5 16. Bxg5 Ke6 17. Nc3 h6 18. Bh4 g5 19. Bg3 Nf6 20. Rad1 Rad8
21. a3 Nh5 22. Bf2 b6 23. b4 Nc7 24. a4 Rhf8 25. Be3 Nf6 26. h3 Nd7 27. a5 bxa5
28. bxa5 a6 29. Na4 Rxf1+ 30. Rxf1 Nb5 31. Rd1 Re8 32. Kg1 Nd6 33. Nb6 Ne5 34.
Rd4 Nb5 35. Rd2 Nd6 36. Rd4 Nb5 37. Ra4 Rd8 38. Kf2 Nc3 39. Rb4 Nd1+ 40. Ke2
Nc3+ 41. Ke1 Rd1+ 42. Kf2 Ra1 43. Bd2 Nb5 44. Nc4 c5 45. Rxb5 Nxc4 1-0

[Event "CYCC U16"]
[Site "Windsor CAN"]
[Date "2016.07.08"]
[Round "7.13"]
[White "Li, Kevin"]
[Black "Colvin, Andrew"]
[Result "1/2-1/2"]
[WhiteElo "1657"]
[BlackElo "1740"]
[PlyCount "68"]
[EventDate "2016.07.05"]
[EventType "swiss"]
[EventRounds "7"]
[EventCountry "CAN"]

1. e4 e5 2. Nf3 Nc6 3. Bc4 Nf6 4. d3 Be7 5. O-O O-O 6. c3 d6 7. h3 Na5 8. Bb5
a6 9. Ba4 b5 10. Bc2 c5 11. Nbd2 Qc7 12. Re1 Nc6 13. Nf1 Bd7 14. Ng3 Rfb8 15.
Bg5 b4 16. c4 a5 17. Ba4 Nd8 18. Bxd7 Qxd7 19. Nf5 Ne6 20. Nxe7+ Qxe7 21. Be3
Nd4 22. Nxd4 cxd4 23. Bd2 Nd7 24. Qc2 Nc5 25. b3 Qd7 26. a4 f5 27. f3 f4 28.
Kf2 Rf8 29. Rg1 h5 30. Ke2 Kf7 31. Kd1 g5 32. Qb1 Rh8 33. Kc2 Rag8 34. Qf1 h4
1/2-1/2

[Event "CYCC U16"]
[Site "Windsor CAN"]
[Date "2016.07.08"]
[Round "7.14"]
[White "Zhu, Jeffrey"]
[Black "Ladhani, Qalib"]
[Result "1-0"]
[WhiteElo "1929"]
[BlackElo "1302"]
[PlyCount "77"]
[EventDate "2016.07.05"]
[EventType "swiss"]
[EventRounds "7"]
[EventCountry "CAN"]

1. d4 Nf6 2. Nf3 e6 3. g3 d5 4. Bg2 Be7 5. O-O O-O 6. c4 c6 7. Nc3 Nbd7 8. b3
b6 9. Bb2 Qc7 10. Rc1 Bb7 11. Re1 Rac8 12. e3 Rfe8 13. Nd2 Qb8 14. f4 dxc4 15.
bxc4 c5 16. d5 e5 17. Nde4 Bd6 18. f5 g6 19. g4 Kf8 20. Qf3 Ke7 21. Nxd6 Qxd6
22. Nb5 Qb8 23. d6+ Kf8 24. Qxb7 Qxb7 25. Bxb7 Rb8 26. Bc6 gxf5 27. g5 Rbc8 28.
Nc7 Red8 29. gxf6 Nxf6 30. Bxe5 a6 31. Rcd1 Ng4 32. Bf4 b5 33. h3 Nf6 34. Be5
Ne4 35. d7 Rxc7 36. Bxc7 Nc3 37. Bxd8 Nxd1 38. Rxd1 bxc4 39. Bf6 1-0

[Event "CYCC U16"]
[Site "Windsor CAN"]
[Date "2016.07.08"]
[Round "7.15"]
[White "Kilroy, Evan"]
[Black "Gillan, Rahma"]
[Result "1-0"]
[WhiteElo "1430"]
[BlackElo "1494"]
[PlyCount "100"]
[EventDate "2016.07.05"]
[EventType "swiss"]
[EventRounds "7"]
[EventCountry "CAN"]

1. e4 e5 2. Nf3 Nc6 3. d4 d6 4. dxe5 Nxe5 5. Nxe5 dxe5 6. Qxd8+ Kxd8 7. Bc4 f6
8. Nc3 Bb4 9. Bd2 Bd7 10. O-O-O c6 11. Ne2 Bc5 12. f4 Kc7 13. fxe5 fxe5 14. Bc3
Re8 15. Bxg8 Rhxg8 16. h3 Rgf8 17. Rhf1 Bd6 18. Kb1 Be6 19. b3 Bf7 20. Ng3 g6
21. Rf6 Bg8 22. Rfxd6 Rf2 23. Ba5+ b6 24. Rd7+ Kc8 25. Rxa7 Ref8 26. Bxb6 R2f7
27. Bc7 h5 28. Ra5 Kxc7 29. Rxe5 Rf2 30. Rg5 Rxg2 31. Rxg6 Bxb3 32. axb3 Rf3
33. Rg7+ Kb6 34. Nxh5 Rh2 35. Rd3 Rff2 36. Rc3 Re2 37. Rg6 Re1+ 38. Kb2 Rhh1
39. Rcxc6+ Kb7 40. Rcf6 Rb1+ 41. Ka3 Ra1+ 42. Kb4 Raf1 43. Rb6+ Kc7 44. Ng3 Re1
45. Nxh1 Rxe4+ 46. Kc3 Re3+ 47. Kb2 Rxh3 48. Rbf6 Rh7 49. Ra6 Kb7 50. Rgb6+ Kc7
1-0

[Event "CYCC U16"]
[Site "Windsor CAN"]
[Date "2016.07.08"]
[Round "7.16"]
[White "McGovern, Michael"]
[Black "Huang, Danny"]
[Result "1/2-1/2"]
[WhiteElo "1129"]
[BlackElo "905"]
[PlyCount "96"]
[EventDate "2016.07.05"]
[EventType "swiss"]
[EventRounds "7"]
[EventCountry "CAN"]

1. e4 e5 2. Nf3 Nc6 3. Bb5 Nf6 4. O-O Bc5 5. d3 Nd4 6. Nxd4 Bxd4 7. c3 Bb6 8.
Bg5 a6 9. Bc4 d6 10. Re1 h6 11. Bh4 Qe7 12. d4 c6 13. Qb3 Ba7 14. dxe5 dxe5 15.
Kh1 b5 16. Bd3 Be6 17. Qc2 g5 18. Bg3 Ng4 19. Kg1 Rd8 20. h3 Nf6 21. Bxe5 O-O
22. Nd2 c5 23. c4 bxc4 24. Bxc4 Bxc4 25. Nxc4 Nd7 26. Bc3 Bb8 27. b3 Ne5 28.
Qb2 f6 29. Nxe5 Bxe5 30. Bxe5 fxe5 31. Rac1 Rd4 32. Qa3 Qd6 33. Qxc5 Qxc5 34.
Rxc5 Rd2 35. Rxe5 Rxa2 36. Re6 Rfxf2 37. g4 Rg2+ 38. Kh1 Rh2+ 39. Kg1 Rxh3 40.
Rf6 Kg7 41. Rf2 Rxf2 42. Kxf2 Rxb3 43. Ra1 Rb6 44. Ke3 Rc6 45. Kd4 Kf6 46. Rf1+
Ke7 47. Rf3 Rf6 48. Rf5 Re6 1/2-1/2

[Event "CYCC U18"]
[Site "Windsor CAN"]
[Date "2016.07.05"]
[Round "1.3"]
[White "Doknjas, John"]
[Black "Washimkar, Atharva"]
[Result "1-0"]
[WhiteElo "2239"]
[BlackElo "1636"]
[PlyCount "59"]
[EventDate "2016.07.05"]
[EventType "swiss"]
[EventRounds "7"]
[EventCountry "CAN"]

1. d4 Nf6 2. c4 g6 3. f3 Bg7 4. e4 d6 5. Nc3 Nc6 6. Be3 a6 7. Qd2 Rb8 8. Nge2
b5 9. cxb5 axb5 10. d5 Ne5 11. Nd4 b4 12. Ncb5 Bd7 13. Rc1 Bxb5 14. Bxb5+ Kf8
15. O-O Qc8 16. Be2 Ne8 17. f4 Nd7 18. Nc6 Ra8 19. Nxb4 h5 20. b3 Ndf6 21. Bf3
Ng4 22. Bd4 e5 23. dxe6 Qxe6 24. h3 Ngf6 25. Bxf6 Qxf6 26. e5 Qd8 27. Bxa8 Qxa8
28. Nc6 dxe5 29. fxe5 Qc8 30. Qb4+ 1-0

[Event "CYCC U18"]
[Site "Windsor CAN"]
[Date "2016.07.05"]
[Round "1.4"]
[White "Pobereshnikova, Agniya"]
[Black "Shi, Diwen"]
[Result "0-1"]
[WhiteElo "1632"]
[BlackElo "2220"]
[PlyCount "70"]
[EventDate "2016.07.05"]
[EventType "swiss"]
[EventRounds "7"]
[EventCountry "CAN"]

1. e4 c5 2. Nf3 d6 3. c3 Nf6 4. Bd3 Nc6 5. Bc2 Bg4 6. O-O g6 7. h3 Bxf3 8. Qxf3
Bg7 9. Re1 O-O 10. Qd1 Nd7 11. d3 b5 12. Be3 b4 13. d4 Qa5 14. Qd3 bxc3 15.
bxc3 cxd4 16. Bd2 Nde5 17. Qe2 Qc5 18. Bd3 Nxd3 19. Qxd3 f5 20. cxd4 Nxd4 21.
Nc3 fxe4 22. Nxe4 Qc2 23. Qa6 Qc6 24. Qxc6 Nxc6 25. Rac1 Rac8 26. Ng5 Bd4 27.
Re2 Ne5 28. Rb1 Rc2 29. Ne6 Rxf2 30. Rb8+ Kf7 31. Ng5+ Kg7 32. Ne6+ Kf6 33.
Rf8+ Kxe6 34. Rfxf2 Bxf2+ 35. Rxf2 Rxa2 0-1

[Event "CYCC U18"]
[Site "Windsor CAN"]
[Date "2016.07.06"]
[Round "1.5"]
[White "Li, Yinshi"]
[Black "Wang, Jeffrey"]
[Result "1-0"]
[WhiteElo "2200"]
[BlackElo "1300"]
[PlyCount "111"]
[EventDate "2016.07.05"]
[EventType "swiss"]
[EventRounds "7"]
[EventCountry "CAN"]

1. d4 Nf6 2. c4 g6 3. Nc3 Bg7 4. g3 O-O 5. Bg2 d6 6. Nf3 c5 7. O-O Qc7 8. Nb5
Qb6 9. dxc5 dxc5 10. Bf4 Na6 11. a4 Nd7 12. Qd2 Qe6 13. Rac1 Nb6 14. b3 Qd7 15.
Qe3 Qe8 16. Nd2 e5 17. Bh6 Qe7 18. Bxg7 Kxg7 19. Ne4 Bd7 20. a5 Nc8 21. Rfd1 f5
22. Nec3 Bc6 23. Nd5 Bxd5 24. Rxd5 e4 25. Rcd1 Qf6 26. Rd7+ Rf7 27. Rxf7+ Kxf7
28. Rd7+ Kg8 29. Qd2 Ne7 30. Rxb7 Nb4 31. Qd7 Nbc6 32. Nxa7 Nxa5 33. Rc7 Kf8
34. Qb5 Qc3 35. Qxc5 Re8 36. Rxe7 Rxe7 37. Nc8 Qf6 38. Qa3 Nc6 39. Nxe7 Nxe7
40. b4 Qd4 41. Qb3 Nc6 42. h3 Qd2 43. Bf1 Nxb4 44. c5 Nc6 45. Qe6 Nd4 46. Qf6+
Kg8 47. Qd8+ Kf7 48. Qd7+ Kf6 49. c6 Nxe2+ 50. Bxe2 Qxd7 51. cxd7 Ke7 52. Bb5
h6 53. Kf1 g5 54. Ke2 h5 55. Ke3 Kd8 56. h4 1-0

[Event "CYCC U18"]
[Site "Windsor CAN"]
[Date "2016.07.05"]
[Round "1.6"]
[White "Pruthi, Vijit"]
[Black "Nasir, Zehn"]
[Result "0-1"]
[WhiteElo "1125"]
[BlackElo "2077"]
[PlyCount "63"]
[EventDate "2016.07.05"]
[EventType "swiss"]
[EventRounds "7"]
[EventCountry "CAN"]

1. e4 c6 2. d4 d5 3. Nc3 dxe4 4. Nxe4 Bf5 5. Nc3 e6 6. a3 Nf6 7. Bf4 Be7 8. Nf3
O-O 9. h3 Re8 10. Bd3 Bxd3 11. Qxd3 Nbd7 12. Ne2 c5 13. Nh4 cxd4 14. Nxd4 Nd5
15. g3 Bxh4 16. gxh4 Nxf4 17. Qg3 Qxh4 18. Ne2 Qxg3 19. fxg3 Nxe2 20. Kxe2 Rac8
21. c3 Red8 22. Rad1 Nf6 23. Rdf1 Rd5 24. Rf4 Rcd8 25. Rb4 Rd2+ 26. Kf3 R8d3+
27. Kf4 Nd5+ 28. Ke5 Re3+ 29. Re4 f6+ 30. Kxe6 Rxe4+ 31. Kd6 Nxc3+ 32. Kc5 0-1

[Event "CYCC U18"]
[Site "Windsor CAN"]
[Date "2016.07.05"]
[Round "1.7"]
[White "Mathews, Jeremy"]
[Black "Bari, Zeeshan"]
[Result "1-0"]
[WhiteElo "1777"]
[BlackElo "1027"]
[PlyCount "43"]
[EventDate "2016.07.05"]
[EventType "swiss"]
[EventRounds "7"]
[EventCountry "CAN"]

1. e4 c5 2. Nf3 e6 3. d4 cxd4 4. Nxd4 Nc6 5. Nc3 Nf6 6. Be3 Nxd4 7. Bxd4 Be7 8.
Bd3 O-O 9. O-O d5 10. exd5 Nxd5 11. Qg4 Nf6 12. Bxf6 Bxf6 13. Rad1 Qa5 14. Ne4
Qe5 15. Rfe1 Qxb2 16. c3 Bxc3 17. Rb1 Qa3 18. Rb3 Qa4 19. Nf6+ Bxf6 20. Qxa4 b6
21. Qe4 Rb8 22. Qxh7# 1-0

[Event "CYCC U18"]
[Site "Windsor CAN"]
[Date "2016.07.06"]
[Round "2.4"]
[White "Shi, Diwen"]
[Black "Mathews, Jeremy"]
[Result "1-0"]
[WhiteElo "2220"]
[BlackElo "1777"]
[PlyCount "100"]
[EventDate "2016.07.05"]
[EventType "swiss"]
[EventRounds "7"]
[EventCountry "CAN"]

1. e4 c5 2. Nf3 d6 3. d4 cxd4 4. Nxd4 Nf6 5. Nc3 g6 6. Be3 Bg7 7. f3 O-O 8. Qd2
Nc6 9. O-O-O Bd7 10. g4 Rc8 11. h4 Ne5 12. Be2 Qa5 13. Nb3 Qc7 14. h5 b5 15.
Kb1 b4 16. Nd5 Nxd5 17. exd5 a5 18. Nd4 Nc4 19. Bxc4 Qxc4 20. Bh6 Qxd4 21. Qxd4
Bxd4 22. Bxf8 Bf6 23. Bh6 a4 24. Be3 b3 25. cxb3 axb3 26. axb3 Rb8 27. Bd4 Rxb3
28. Bxf6 exf6 29. Rhf1 f5 30. Rd4 fxg4 31. fxg4 Rg3 32. Rff4 g5 33. Rfe4 Kf8
34. Ka2 f5 35. gxf5 Bxf5 36. Re2 Rg4 37. Rxg4 Bxg4 38. Rg2 Bxh5 39. Rxg5 Bf7
40. Kb3 Ke7 41. Kc4 h5 42. b4 Kf6 43. Rg1 h4 44. b5 Ke7 45. Rh1 Bh5 46. Rxh4
Be2+ 47. Kb4 Kd7 48. b6 Bd3 49. Rh8 Ba6 50. Ka5 Bb7 1-0

[Event "CYCC U18"]
[Site "Windsor CAN"]
[Date "2016.07.06"]
[Round "2.6"]
[White "Wang, Jeffrey"]
[Black "Muntaner, Daniel"]
[Result "1/2-1/2"]
[WhiteElo "1358"]
[BlackElo "1697"]
[PlyCount "66"]
[EventDate "2016.07.05"]
[EventType "swiss"]
[EventRounds "7"]
[EventCountry "CAN"]

1. d4 d5 2. c4 e6 3. Nc3 Nf6 4. Bf4 c6 5. e3 Be7 6. Nf3 Nbd7 7. Rc1 b6 8. a3
Bb7 9. cxd5 Nxd5 10. Nxd5 exd5 11. Bd3 Rc8 12. O-O c5 13. Bb5 O-O 14. Qa4 Nf6
15. Qxa7 Bc6 16. Bxc6 Rxc6 17. dxc5 Rxc5 18. b4 Rxc1 19. Rxc1 Bd6 20. Bxd6 Qxd6
21. h3 h6 22. Nd4 Qb8 23. Qa6 Qa8 24. Qd3 Rc8 25. Rxc8+ Qxc8 26. Ne2 Qc6 27.
Nc3 Qa8 28. a4 Qf8 29. Qd4 Qd6 30. e4 Qf4 31. Nxd5 Nxd5 32. Qxd5 Qc1+ 33. Kh2
Qf4+ 1/2-1/2

[Event "CYCC U18"]
[Site "Windsor CAN"]
[Date "2016.07.06"]
[Round "2.7"]
[White "Washimkar, Atharva"]
[Black "Pruthi, Vijit"]
[Result "1-0"]
[WhiteElo "1636"]
[BlackElo "1125"]
[PlyCount "37"]
[EventDate "2016.07.05"]
[EventType "swiss"]
[EventRounds "7"]
[EventCountry "CAN"]

1. e4 e5 2. Nf3 Nc6 3. Bc4 Bc5 4. b4 Bxb4 5. c3 Ba5 6. d4 exd4 7. O-O Nge7 8.
Qb3 O-O 9. cxd4 b5 10. Qxb5 Rb8 11. Qh5 Ng6 12. Ng5 h6 13. Qxg6 hxg5 14. Bxg5
Ne7 15. Qh5 Bb6 16. Nc3 Bb7 17. Rad1 Qe8 18. Rd3 Ng6 19. Rh3 1-0

[Event "CYCC U18"]
[Site "Windsor CAN"]
[Date "2016.07.06"]
[Round "2.8"]
[White "Bari, Zeeshan"]
[Black "Pobereshnikova, Agniya"]
[Result "0-1"]
[WhiteElo "1027"]
[BlackElo "1632"]
[PlyCount "59"]
[EventDate "2016.07.05"]
[EventType "swiss"]
[EventRounds "7"]
[EventCountry "CAN"]

1. e4 c5 2. Nf3 e6 3. Nc3 Nc6 4. d4 cxd4 5. Nxd4 a6 6. Be3 Nf6 7. Bd3 Be7 8.
O-O b5 9. a3 Bb7 10. Nxc6 Bxc6 11. e5 Nd5 12. Nxd5 Bxd5 13. Be2 d6 14. Bd4 dxe5
15. Bxe5 Bf6 16. Qd4 Bxe5 17. Qxe5 O-O 18. Rfd1 Qc8 19. Rac1 Qc6 20. g3 Rac8
21. Rd4 f6 22. Qh5 e5 23. Rd3 Bc4 24. Rc3 Bxe2 25. Qxe2 Qe6 26. Rxc8 Rxc8 27.
c3 Rd8 28. Rd1 Rd5 29. Rxd5 Qxd5 30. Kf1 0-1